Auswanderungen Ägypten - Statistiken

Allgemein
  • Dieses Quiz wurde 82 mal gespielt
  • Das Durchschnittsergebnis liegt bei 15 aus 19
Antwortstatistiken
Platz Land Anzahl % Korrekt
17. Deutschland 29.600
99%
2. Vereinigte Staaten 1.250.000
96%
19. Frankreich 27.504
92%
1. Saudi-Arabien 2.900.000
89%
9. Italien 128.095
86%
10. Kanada 73.250
86%
6. Sudan 500.000
84%
15. Vereinigtes Königreich 39.000
84%
11. Israel 57.500
78%
5. Jordanien 600.000
77%
4. Vereinigte Arabische Emirate 750.000
77%
3. Libyen 1.000.000
76%
12. Oman 56.000
69%
18. Griechenland 28.000
68%
8. Katar 230.000
68%
16. Australien 36.532
66%
6. Kuwait 500.000
58%
13. Libanon 40.000
58%
13. Südafrika 40.000
49%
Keine übereinstimmenden Quizze gefunden
Verteilung der Resultate
Anzahl Personen mit jedem Resultat
Perzentil nach korrekt beantworteten Fragen
Ihre Resultats-Entwicklung
Sie haben dieses Quiz noch nicht gespielt